Những giải pháp nâng cao năng lực giao tiếp bằng tiếng Anh cho sinh viên chuyên ngữ năm II trường Đại học Đồng tháp Báo cáo tổng kết đề tài nghiên cứu khoa học và công nghệ cấp cơ sở. Mã số CS2013.02.17

Đã lưu trong:
书目详细资料
主要作者: Nguyễn, Duy Tân (Chủ nhiệm đề tài)
其他作者: Trần, Thị Hiền (Hướng dẫn)
格式: Luận văn 工具包 图书
语言:Vietnamese
出版: Đồng Tháp Trường Đại học Đồng Tháp 2014
主题:
标签: 添加标签
没有标签, 成为第一个标记此记录!
Thư viện lưu trữ: Trung tâm Học liệu Lê Vũ Hùng, Trường Đại học Đồng Tháp
LEADER 01563ppm a22003618a 4500
001 00032411
005 20171026081025.0
008 140828s2014 ||||||viesd
041 0 # |a vie 
082 1 4 |b NH556GI  |a 428 
100 1 # |a Nguyễn, Duy Tân  |e Chủ nhiệm đề tài 
245 1 0 |b Báo cáo tổng kết đề tài nghiên cứu khoa học và công nghệ cấp cơ sở. Mã số CS2013.02.17  |c Nguyễn Duy Tân (chủ nhiệm đề tài); Trần Thị Hiền (hướng dẫn)  |a Những giải pháp nâng cao năng lực giao tiếp bằng tiếng Anh cho sinh viên chuyên ngữ năm II trường Đại học Đồng tháp 
260 # # |b Trường Đại học Đồng Tháp  |c 2014  |a Đồng Tháp 
300 # # |a 65 tr. +phụ lục  |c 27 cm.  |e 1 bản tóm tắt +1 CD 
500 # # |a ĐTTS ghi: Bộ Giáo dục và Đào tạo. Trường Đại học Đồng Tháp 
653 # # |a Chuyên ngành 
653 # # |a Giao tiếp 
653 # # |a Đại học Đồng Tháp 
653 # # |a Tiếng Anh 
653 # # |a Sinh viên 
653 # # |a Nghiên cứu khoa học 
653 # # |a Kỹ năng nói 
700 1 # |a Trần, Thị Hiền  |e Hướng dẫn 
852 # # |j KH.0000012 
852 # # |b Kho đọc SĐH  |j KH.0000012 
852 # # |b Kho đọc  |j KH.0000012 
910 # # |d 28/08/2014 
980 # # |a Trung tâm Học liệu Lê Vũ Hùng, Trường Đại học Đồng Tháp